000 00300nam a2200121Ia 4500
008 241002s9999 xx 000 0 und d
082 _a338.95491 MAH
100 _aMahbub-ul-Haq
245 4 _aThe Strategy of Economic Planning
260 _aKarachi:
_c1966
600 _aSocial Sciences
942 _cUC
999 _c18673
_d18673